Central Library OPAC University of Rajshahi

পার্লামেন্টারি শব্দকোষ / (Record no. 39068)

MARC details
000 -LEADER
fixed length control field 01039nam a2200277 a 4500
001 - CONTROL NUMBER
control field 39068
003 - CONTROL NUMBER IDENTIFIER
rucl marc code BD-RjUL
005 - DATE AND TIME OF LATEST TRANSACTION
control field 20211209052918.0
008 - FIXED-LENGTH DATA ELEMENTS--GENERAL INFORMATION
fixed length control field 161020s2010 bg ||||| |||| 00| 0 ben d
020 ## - INTERNATIONAL STANDARD BOOK NUMBER
International Standard Book Number 9840748971
Terms of availability Tk. 200.00
035 ## - SYSTEM CONTROL NUMBER
System control number (BD-RjUL)39179
040 ## - CATALOGING SOURCE
Original cataloging agency BD-RjUL
Language of cataloging ben
Transcribing agency BD-RjUL
041 ## - LANGUAGE CODE
Language code of text/sound track or separate title ben
082 ## - DEWEY DECIMAL CLASSIFICATION NUMBER
Edition number 23
Classification number 328.03
Author mark and year FIP
100 ## - MAIN ENTRY--PERSONAL NAME
Personal name ফিরোজ, জালাল
9 (RLIN) 119642
245 10 - TITLE STATEMENT
Title পার্লামেন্টারি শব্দকোষ /
Statement of responsibility, etc. জালাল ফিরোজ
250 ## - EDITION STATEMENT
Edition statement পরিমার্জিত ও পরিবর্ধিত সং.
260 ## - PUBLICATION, DISTRIBUTION, ETC. (IMPRINT)
Place of publication, distribution, etc. ঢাকা :
Name of publisher, distributor, etc. বাংলা একাডেমী,
Date of publication, distribution, etc. ২০১০.
300 ## - PHYSICAL DESCRIPTION
Pagination ৩৯০ পৃ. ;
Size ২১ সেমি.
490 ## - SERIES STATEMENT
Series statement বাএ ;
Volume/sequential designation ৪৮৮৯
504 ## - BIBLIOGRAPHY, ETC. NOTE
Bibliography, etc গ্রন্থপঞ্জি সংযুক্ত
650 ## - SUBJECT ADDED ENTRY--TOPICAL TERM
Topical term or geographic name as entry element আইনসভা
Form subdivision অভিধান
9 (RLIN) 160351
Topical term or geographic name as entry element Parliament
Form subdivision Dictionaries
9 (RLIN) 160352
830 ## - SERIES ADDED ENTRY--UNIFORM TITLE
Uniform title বাএ ;
Volume number/sequential designation ৪৮৮৯
942 ## - ADDED ENTRY ELEMENTS (KOHA)
Source of classification or shelving scheme Dewey Decimal Classification
Koha item type Books
Holdings
Lost status Source of classification or shelving scheme Damaged status Not for loan Collection code Permanent Location Current Location Shelving location Date acquired Source of acquisition Cost, normal purchase price Total Checkouts Full call number Date last seen Copy number Koha item type
  Dewey Decimal Classification   Not For Loan Reference Central Library, University of Rajshahi Central Library, University of Rajshahi   23/06/2013 Bangla Academi, Dhaka 200.00   BR 328.03 FIP 2010 04/04/2016 C-1 Reference
  Dewey Decimal Classification   Not For Loan Reference Central Library, University of Rajshahi Central Library, University of Rajshahi   23/06/2013 Bangla Academi, Dhaka 200.00   BR 328.03 FIP 2010 04/04/2016 C-2 Reference
  Dewey Decimal Classification   Not For Loan Reference Central Library, University of Rajshahi Central Library, University of Rajshahi   23/06/2013 Dhaka, Bangla Academy 200.00   BR 328.03 FIP 2010 04/04/2016 C-3 Reference